| 000 | 00699nam a2200193 a 4500 | ||
|---|---|---|---|
| 001 | 000026343 | ||
| 003 | DO-SdBNP | ||
| 005 | 20250306135650.0 | ||
| 008 | 110314s1995 dr 000 0 spa d | ||
| 040 |
_aDO-SdBNP _bspa _cBNPHU |
||
| 049 | _aBNPD | ||
| 082 |
_axxx _bC357t |
||
| 110 | 1 |
_aUniversidad Autónoma de Santo Domingo _bCentro de Documentación en Salud _972951 |
|
| 245 | 1 | 0 |
_aCatálogo de tesis de odontología 1980-1994 / _cPresentación Manuel de Jesús Roa Santana. |
| 260 |
_aSanto Domingo : _bUniversidad Autónoma de Santo Domingo ; _bCentro de Documentación en Salud, _c1995. |
||
| 300 |
_a214 p. ; _c29 cm. |
||
| 700 | 1 |
_aRoa Santana, Manuel de Jesús _931309 |
|
| 942 |
_2ddc _cLBS1 |
||
| 999 |
_c25835 _d25835 |
||